[Event "Titled Tuesday intern op 12th Mar Late"]
[Site "Chess.com INT"]
[Date "2024.03.12"]
[Round "8"]
[White "Nigalidze, Gaioz"]
[Black "Vlassov, Nikolai"]
[Result "1/2-1/2"]
[WhiteElo "2373"]
[BlackElo "2299"]
[PlyCount "144"]
[EventDate "2024.03.12"]
[EventType "swiss (blitz)"]
[EventRounds "11"]
[EventCountry "USA"]
[SourceTitle "CB12_2024"]
[SourceDate "2023.10.01"]
[SourceVersion "1"]
[SourceVersionDate "2023.10.01"]
[SourceQuality "1"]

1. d4 Nf6 2. c4 Nc6 3. d5 Ne5 4. e3 e6 5. dxe6 fxe6 6. Nc3 Bc5 7. Nf3 Nxf3+ 8. gxf3 d5 9. cxd5 exd5 10. Be2 Bh3 11. Rg1 Qd7 12. Nb5 0-0-0 13. a3 a6 14. Nd4 Rhe8 15. b4 Bb6 16. Bb2 Kb8 17. Qd3 c5 18. bxc5 Bxc5 19. Rg5 Bb6 20. Bc3 Rc8 21. Rb1 Ka7 22. Bd2 g6 23. Rg3 Rc7 24. Rxb6 Kxb6 25. Nb3 Rc4 26. Na5 Rec8 27. Qb3+ Ka7 28. Rxh3 b6 29. Rg3 bxa5 30. Bxc4 dxc4 31. Qc3 Nd5 32. Qd4+ Nb6 33. Bc3 Qxd4 34. Bxd4 c3 35. Kd1 c2+ 36. Kc1 Kb7 37. Bxb6 Kxb6 38. Rg4 Rc3 39. a4 Kc5 40. Rd4 g5 41. Rd7 Kb4 42. Rxh7 Kxa4 43. Rg7 Rc5 44. Rb7 Ka3 45. Rb2 a4 46. Rxc2 Rf5 47. Rc3+ Kb4 48. Rc6 Rxf3 49. Rc2 a3 50. Kb1 Kb3 51. Rd2 a5 52. Rd3+ Kb4 53. Rd2 Kb3 54. Rd3+ Kb4 55. Rd4+ Kc3 56. Ra4 Kb3 57. Rxa5 Rxf2 58. Rb5+ Ka4 59. Rxg5 Rxh2 60. Rc5 Rh1+ 61. Ka2 Rh2+ 62. Kb1 Kb4 63. Rc8 Rh1+ 64. Ka2 Rh2+ 65. Kb1 Re2 66. Rb8+ Kc4 67. Rc8+ Kd3 68. Ra8 a2+ 69. Rxa2 Re1+ 70. Kb2 Re2+ 71. Kb1 Rxa2 72. Kxa2 Kxe3 1/2-1/2

[Event "Titled Tuesday intern op 13th Feb Early"]
[Site "Chess.com INT"]
[Date "2024.02.13"]
[Round "6"]
[White "Nigalidze, Gaioz"]
[Black "Shohat, Yotam"]
[Result "0-1"]
[WhiteElo "2373"]
[BlackElo "2369"]
[PlyCount "80"]
[EventDate "2024.02.13"]
[EventType "swiss (blitz)"]
[EventRounds "11"]
[EventCountry "USA"]
[SourceTitle "CB08_2024"]
[SourceDate "2024.02.21"]
[SourceVersion "1"]
[SourceVersionDate "2024.02.21"]
[SourceQuality "1"]

1. e4 c5 2. Nf3 d6 3. d4 cxd4 4. Nxd4 Nf6 5. Nc3 e6 6. g4 Nfd7 7. g5 a6 8. a4 Nc6 9. h4 Nde5 10. Nxc6 Nxc6 11. h5 Be7 12. Rg1 0-0 13. Be3 Nb4 14. g6 fxg6 15. hxg6 h6 16. Bc4 d5 17. exd5 exd5 18. Nxd5 Be6 19. Nxe7+ Qxe7 20. Qg4 Nxc2+ 21. Ke2 Rae8 22. Rac1 Nxe3 23. Qxe6+ Qxe6 24. Bxe6+ Rxe6 25. fxe3 Ref6 26. Rg2 Rb6 27. Ke1 Re8 28. Rc3 Rc6 29. Rxc6 bxc6 30. Kd2 Re6 31. Kd3 Kf8 32. Kd4 Ke7 33. e4 Kd6 34. b4 Re5 35. Rf2 Rg5 36. Rf8 Rxg6 37. Ra8 Kc7 38. Rxa6 c5+ 39. Kxc5 Rxa6 40. a5 h5 0-1

[Event "Titled Tuesday intern op 09th Jan Early"]
[Site "Chess.com INT"]
[Date "2024.01.09"]
[Round "5"]
[White "Berezin, Viktor1"]
[Black "Nigalidze, Gaioz"]
[Result "1-0"]
[WhiteElo "2307"]
[BlackElo "2373"]
[PlyCount "51"]
[EventDate "2024.01.09"]
[EventType "swiss (blitz)"]
[EventRounds "11"]
[EventCountry "USA"]
[SourceTitle "CB03_2024"]
[SourceDate "2024.01.17"]
[SourceVersion "1"]
[SourceVersionDate "2024.01.17"]
[SourceQuality "1"]

1. d4 Nf6 2. Nf3 d5 3. c4 e6 4. g3 Bb4+ 5. Bd2 Be7 6. Bg2 0-0 7. Qc2 b6 8. 0-0 Bb7 9. Bf4 dxc4 10. Qxc4 Nd5 11. Nc3 Nxf4 12. gxf4 Bd6 13. e3 Nd7 14. Ne5 Bxg2 15. Kxg2 Bxe5 16. dxe5 Rc8 17. Rad1 Qe7 18. Qc6 Rfd8 19. Nb5 Nb8 20. Qb7 a6 21. Na7 Rxd1 22. Rxd1 Rd8 23. Nc8 Qe8 24. Rxd8 Qxd8 25. Qxb8 h5 26. Ne7+ 1-0

[Event "Titled Tuesday intern op 19th Dec Early"]
[Site "Chess.com INT"]
[Date "2023.12.19"]
[Round "1"]
[White "Kostiukov, Alexandr"]
[Black "Nigalidze, Gaioz"]
[Result "0-1"]
[WhiteElo "2271"]
[BlackElo "2373"]
[PlyCount "86"]
[EventDate "2023.12.19"]
[EventType "swiss (blitz)"]
[EventRounds "11"]
[EventCountry "USA"]
[SourceTitle "CB52_2023"]
[SourceDate "2023.12.27"]
[SourceVersion "1"]
[SourceVersionDate "2023.12.27"]
[SourceQuality "1"]

1. g3 d5 2. Bg2 e5 3. d3 Nf6 4. e4 dxe4 5. dxe4 Qxd1+ 6. Kxd1 Bc5 7. f3 Nc6 8. Nd2 Be6 9. Bh3 0-0-0 10. Bxe6+ fxe6 11. c3 a5 12. a4 Rhf8 13. Ke2 g5 14. h3 h5 15. g4 hxg4 16. hxg4 Rh8 17. Nh3 Be7 18. Nc4 Rdg8 19. Be3 Nh7 20. Rh2 Nf8 21. Rah1 Rh7 22. Nf2 Rh4 23. Rxh4 gxh4 24. Nh3 Ng6 25. Ng5 Bxg5 26. Bxg5 Rf8 27. Rh3 b6 28. Ne3 Rh8 29. Ng2 Nce7 30. Nxh4 Nf4+ 31. Bxf4 exf4 32. g5 Ng6 33. Nxg6 Rxh3 34. Nxf4 Rg3 35. Nxe6 Kd7 36. Nd4 Rxg5 37. Kf2 Rh5 38. Kg2 Kd6 39. f4 Kc5 40. b3 c6 41. Ne6+ Kd6 42. Nd4 b5 43. Nf5+ Kc5 0-1

[Event "Titled Tuesday intern op 19th Dec Early"]
[Site "Chess.com INT"]
[Date "2023.12.19"]
[Round "5"]
[White "Mazurkiewicz, Michal"]
[Black "Nigalidze, Gaioz"]
[Result "1/2-1/2"]
[WhiteElo "2145"]
[BlackElo "2373"]
[PlyCount "171"]
[EventDate "2023.12.19"]
[EventType "swiss (blitz)"]
[EventRounds "11"]
[EventCountry "USA"]
[SourceTitle "CB52_2023"]
[SourceDate "2023.12.27"]
[SourceVersion "1"]
[SourceVersionDate "2023.12.27"]
[SourceQuality "1"]

1. e4 c5 2. Nf3 d6 3. g3 g6 4. Bg2 Bg7 5. 0-0 Nf6 6. d3 0-0 7. Re1 Nc6 8. e5 dxe5 9. Nxe5 Nd4 10. c3 Nb5 11. Be3 Qc7 12. Bf4 Nd6 13. Nc4 Bg4 14. Qb3 Rab8 15. Nba3 b5 16. Nxb5 Rxb5 17. Bxd6 Qd7 18. Ne5 Qe8 19. Qa4 exd6 20. Nxg4 Qb8 21. Nxf6+ Bxf6 22. Rab1 Bxc3 23. Re7 a5 24. Bd5 Bf6 25. Rd7 Rxb2 26. Rxb2 Qxb2 27. Rxf7 Qe5 28. Rxf8+ Kxf8 29. Bc4 Qe1+ 30. Kg2 Bd4 31. Qd7 Qxf2+ 32. Kh3 Qf1+ 33. Kg4 h5+ 34. Kg5 Qf6+ 35. Kh6 Qh8+ 36. Kg5 Qf6+ 37. Kh6 Be3+ 38. Kh7 Qe7+ 39. Qxe7+ Kxe7 40. Kxg6 Bg1 41. h3 Bf2 42. Kxh5 Bxg3 43. Kg4 Be5 44. Bd5 Bd4 45. Kf5 Bf2 46. Kg4 a4 47. Kf5 a3 48. Bc4 Kd7 49. Bd5 Be1 50. Kg4 Ke7 51. h4 Kf6 52. h5 Ke5 53. Bb3 Bd2 54. Kf3 Kd4 55. Ke2 Kc3 56. Bc4 Bh6 57. Bb3 Kd4 58. Bc4 d5 59. Bb3 c4 60. dxc4 dxc4 61. Ba4 Kc3 62. Bb5 Kb4 63. Ba6 Kc3 64. Kd1 Bg5 65. Bb5 Bh6 66. Ba6 Kb4 67. Kc2 Kc5 68. Bc8 Kd4 69. Be6 Kc5 70. Bf7 Bg7 71. Bg8 Kd4 72. Bf7 Kc5 73. Bg8 c3 74. Bb3 Kd6 75. Bg8 Bd4 76. Bf7 Ke5 77. Bg6 Kf6 78. Be8 Kg5 79. Bg6 Kh6 80. Be8 Kg5 81. Bf7 Kf6 82. Be8 Ke7 83. Bg6 Kf8 84. Bf5 Kg7 85. Bg4 Kh6 86. Bd1 1/2-1/2

[Event "Titled Tuesday intern op 19th Dec Early"]
[Site "Chess.com INT"]
[Date "2023.12.19"]
[Round "3"]
[White "Nigalidze, Gaioz"]
[Black "Herman, Daniel"]
[Result "1-0"]
[WhiteElo "2373"]
[BlackElo "1927"]
[PlyCount "113"]
[EventDate "2023.12.19"]
[EventType "swiss (blitz)"]
[EventRounds "11"]
[EventCountry "USA"]
[SourceTitle "CB52_2023"]
[SourceDate "2023.12.27"]
[SourceVersion "1"]
[SourceVersionDate "2023.12.27"]
[SourceQuality "1"]

1. e4 Nf6 2. e5 Nd5 3. d4 d6 4. c4 Nb6 5. f4 dxe5 6. fxe5 Bf5 7. Nf3 e6 8. Nc3 Bb4 9. a3 Bxc3+ 10. bxc3 0-0 11. Be2 c5 12. 0-0 Nc6 13. Bg5 Qd7 14. Qd2 Na5 15. dxc5 Qxd2 16. Nxd2 Na4 17. Bf3 Nxc5 18. Be7 Rfc8 19. Bh5 Bg6 20. Bxg6 hxg6 21. Rf3 Nd7 22. Bd6 Nxc4 23. Nxc4 Rxc4 24. Raf1 f5 25. exf6 gxf6 26. Be7 f5 27. Rd1 Ne5 28. Re3 Ng4 29. Rxe6 Rxc3 30. h3 Kf7 31. Ree1 Re3 32. Rxe3 Nxe3 33. Rd7 Nc2 34. Bc5+ Ke6 35. Rxb7 a6 36. Rb2 Na1 37. Bd4 Rd8 38. Rb6+ Kf7 39. Be5 Rd1+ 40. Kh2 Nc2 41. Rxa6 Re1 42. Bf4 Re2 43. a4 Ne1 44. Kg1 Nxg2 45. Bg3 Ne3 46. Ra7+ Ke6 47. Bf2 f4 48. a5 Ra2 49. a6 Kf5 50. Rf7+ Ke4 51. Bxe3 Kxe3 52. a7 Kf3 53. h4 Kg3 54. Kf1 f3 55. Ke1 f2+ 56. Kf1 Ra1+ 57. Ke2 1-0

[Event "Umraniye White Elephant 32nd"]
[Site "Umraniye"]
[Date "2023.10.28"]
[Round "4"]
[White "Portakalci, Yusuf"]
[Black "Nigalidze, Gaioz"]
[Result "1-0"]
[WhiteElo "1866"]
[BlackElo "2402"]
[PlyCount "73"]
[EventDate "2023.10.25"]
[EventType "swiss"]
[EventRounds "7"]
[EventCountry "TUR"]
[SourceTitle "Mega2024 Update 01"]
[Source "Chessbase"]
[SourceDate "2023.11.12"]
[SourceVersion "1"]
[SourceVersionDate "2023.11.12"]
[SourceQuality "1"]

1. d4 e6 2. Nf3 b5 3. Bf4 Bb7 4. c3 Nf6 5. Nbd2 d5 6. e3 a6 7. Bd3 c5 8. 0-0 Nbd7 9. Ne5 Nxe5 10. Bxe5 c4 11. Bc2 Nd7 12. Bg3 Be7 13. f3 h5 14. h3 Nb6 15. e4 g5 16. Qe2 Nd7 17. Rae1 Qb6 18. Kh1 0-0-0 19. exd5 Bxd5 20. b3 g4 21. Be4 h4 22. Bxd5 hxg3 23. fxg4 cxb3 24. axb3 Rdf8 25. Bf3 Kb8 26. b4 Rc8 27. Ne4 Ka7 28. Ra1 Rc4 29. Qb2 Rhc8 30. Nc5 Nxc5 31. dxc5 Bxc5 32. bxc5 R8xc5 33. Be2 Rxc3 34. Rxf7+ Kb8 35. Rf8+ Kc7 36. Qd2 Qc6 37. Qd8+ 1-0

[Event "Titled Tuesday intern op 26th Sep Late"]
[Site "Chess.com INT"]
[Date "2023.09.26"]
[Round "3"]
[White "Nigalidze, Gaioz"]
[Black "Martinez Alcantara, Jose Eduardo"]
[Result "1-0"]
[WhiteElo "2421"]
[BlackElo "2611"]
[PlyCount "109"]
[EventDate "2023.09.26"]
[EventType "swiss (blitz)"]
[EventRounds "11"]
[EventCountry "USA"]
[SourceTitle "EXT 2024"]
[Source "ChessBase"]
[SourceDate "2023.10.10"]
[SourceVersion "1"]
[SourceVersionDate "2023.10.10"]
[SourceQuality "1"]

1. d4 Nf6 2. c4 e6 3. Nf3 Bb4+ 4. Bd2 c5 5. e3 b6 6. a3 Bxd2+ 7. Nbxd2 Bb7 8. dxc5 bxc5 9. Be2 d6 10. 0-0 0-0 11. b4 a6 12. Qb3 Nbd7 13. Rfd1 Qc7 14. h3 Rfb8 15. Rac1 h6 16. Qc3 Bc6 17. Bd3 Rb7 18. Rb1 Rab8 19. Rdc1 Rb6 20. Kf1 R8b7 21. Rb2 Rb8 22. Kg1 e5 23. Bf5 e4 24. Bxd7 Nxd7 25. Nh4 g6 26. g3 Ne5 27. Rcb1 Nd3 28. Rb3 Ba4 29. Nxe4 d5 30. cxd5 c4 31. R3b2 Re8 32. Nf6+ Rxf6 33. Qxf6 c3 34. d6 Qc4 35. Nxg6 Kh7 36. d7 Bxd7 37. Rc2 fxg6 38. Rxc3 Qe4 39. Qf7+ Kh8 40. Qxd7 Nxf2 41. Qd4+ Qxd4 42. exd4 Nxh3+ 43. Kg2 Ng5 44. Rb2 Rd8 45. Rd3 Ne4 46. d5 Nd6 47. Rc2 Nb5 48. a4 Nd6 49. Rc6 Nf5 50. Rxa6 Kg7 51. d6 Kf7 52. a5 Rc8 53. d7 Rd8 54. Rb6 Ne7 55. a6 1-0

[Event "Titled Tuesday intern op 12th Sep Early"]
[Site "Chess.com INT"]
[Date "2023.09.12"]
[Round "11"]
[White "Castella Garcia, Fausto"]
[Black "Nigalidze, Gaioz"]
[Result "1-0"]
[WhiteElo "2320"]
[BlackElo "2421"]
[PlyCount "75"]
[EventDate "2023.09.12"]
[EventType "swiss (blitz)"]
[EventRounds "11"]
[EventCountry "USA"]
[SourceTitle "EXT 2024"]
[Source "ChessBase"]
[SourceDate "2023.10.10"]
[SourceVersion "1"]
[SourceVersionDate "2023.10.10"]
[SourceQuality "1"]

1. e4 c5 2. Nf3 d6 3. d4 cxd4 4. Nxd4 Nf6 5. Nc3 a6 6. Bg5 e6 7. f4 h6 8. Bh4 Qb6 9. Qd2 Qxb2 10. Nb3 Qa3 11. Bxf6 gxf6 12. Be2 h5 13. 0-0 Qb4 14. Kh1 Nd7 15. Rad1 Qb6 16. Rf3 h4 17. Rd3 Nc5 18. Nxc5 Qxc5 19. e5 f5 20. exd6 Bd7 21. Bf3 Rb8 22. Qe2 Kd8 23. h3 Bg7 24. Nd5 Bb5 25. c4 Bxc4 26. Qc2 exd5 27. Rxd5 Qb4 28. Rb1 Qa3 29. Qxc4 Rc8 30. Qd3 Rc1+ 31. Rxc1 Qxc1+ 32. Bd1 Qxf4 33. Rxf5 Qg3 34. Qxg3 hxg3 35. Rxf7 Re8 36. Re7 Rf8 37. Bf3 Rf4 38. Rxg7 1-0